Statistiken für Die leistungsstärksten Autos - Luxuslimousinen

Klicken Sie hier um das Quiz zu spielen!

Allgemein

  • Dieses Quiz wurde 17 mal gespielt
  • Das Durchschnittsergebnis liegt bei 2 aus 8

Antwortstatistiken

PSAntwortArt% Korrekt
761Porsche Taycan Turbo SElektro
53%
1022Tesla Model S PlaidElektro
47%
1111Lucid Air Dream EditionElektro
40%
635Bentley Flying SpurBenzin
20%
646Audi RS e-tron GTElektro
7%
580Maserati Quattroporte Trofeo
7%
843Mercedes-AMG GT 63 S E PerformanceElektro
7%
600Rolls-Royce Ghost Black BadgeBenzin
7%

Verteilung der Resultate

Perzentil nach korrekt beantworteten Fragen

Anzahl Personen mit jedem Resultat

Ihre Resultats-Entwicklung

Sie haben dieses Quiz noch nicht gespielt